Online
Catalog

Admiral of the ocean sea : (Record no. 1387)

MARC details
000 -CABECERA
campo de control de longitud fija 00644cam a2200193u 4500
001 - NÚMERO DE CONTROL
campo de control 000001479
005 - FECHA Y HORA DE LA ÚLTIMA TRANSACCIÓN
campo de control 20240313182408.0
008 - DATOS DE LONGITUD FIJA--INFORMACIÓN GENERAL
campo de control de longitud fija 810211s1942 xxuab 000 0 eng
040 ## - FUENTE DE LA CATALOGACIÓN
Centro catalogador/agencia de origen DO-SdBNP
Lengua de catalogación spa
Centro/agencia transcriptor BNPHU
082 ## - NÚMERO DE LA CLASIFICACIÓN DECIMAL DEWEY
Número de clasificación xxxx
Número de documento/Ítem C719M, 1942
100 1# - ENTRADA PRINCIPAL--NOMBRE DE PERSONA
Nombre de persona Morison, Samuel Eliot,
Fechas asociadas al nombre 1887-1976.
9 (RLIN) 4889
245 10 - MENCIÓN DE TÍTULO
Título Admiral of the ocean sea :
Resto del título A life of Christopher Columbus.
260 ## - PUBLICACIÓN, DISTRIBUCIÓN, ETC.
Lugar de publicación, distribución, etc. New York :
Nombre del editor, distribuidor, etc. Little Brown and Company,
Fecha de publicación, distribución, etc. 1942.
300 ## - DESCRIPCIÓN FÍSICA
Extensión v. :
Otras características físicas il., mapas ;
Dimensiones 22 cm.
590 ## - NOTA LOCAL (RLIN)
Nota local Inventariado, 2019 /LP
600 #0 - PUNTO DE ACCESO ADICIONAL DE MATERIA--NOMBRE DE PERSONA
Nombre de persona COLÓN, CRISTOBAL,
Fechas asociadas al nombre 1436-1456
9 (RLIN) 19795
700 1# - PUNTO DE ACCESO ADICIONAL--NOMBRE DE PERSONA
Nombre de persona Raisz, Erwin,
Numeración mapas
9 (RLIN) 4890
700 1# - PUNTO DE ACCESO ADICIONAL--NOMBRE DE PERSONA
Nombre de persona Greene, Bertram,
Término indicativo de función/relación il.
9 (RLIN) 4891
Holdings
Estado de retiro Estado de pérdida Restricciones de uso No para préstamo Código de colección Localización permanente Ubicación/localización actual Ubicación en estantería Fecha de adquisición Número de inventario Total de préstamos Signatura topográfica completa Código de barras Fecha visto por última vez Precio válido a partir de Tipo de ítem Koha
    Préstamo interno   Monografías: Libros y Folletos General General Depósito 22.09.2009 LF1   v. 2 1479-10 25.06.2020 25.06.2020 Préstamo interno

Powered by Koha